Science Quiz

Random Science or Animal Quiz

Name That Bird! Quiz Stats

Quiz Updated Sep 28, 2016

Also try: Name That Mammal!
Challenge
Share
Tweet
Score 0/40 Timer 07:00
0 Plays Today
% Correct
Bald Eagle
96.2%
Turkey
96%
Penguin
96%
Rooster
94.8%
Peacock
94.3%
Mallard
93.8%
Ostrich
93.3%
Owl
91.6%
Goose
91%
Flamingo
90.6%
Pigeon
89.9%
Hummingbird
89.1%
Toucan
87.5%
Woodpecker
86.6%
Dodo
85.4%
Pelican
85.1%
Vulture
84.5%
Blue Jay
82.1%
Puffin
78.8%
Raven
78.7%
% Correct
Cardinal
77.1%
Pheasant
74.3%
Kiwi
70.6%
Cockatoo
69.7%
Stork
65.8%
Heron
65%
Macaw
64.7%
Robin
59.8%
Swallow
58.1%
Albatross
55.4%
Kingfisher
54%
Ibis
43.8%
Cassowary
31.3%
Kookaburra
28.5%
Kestrel
25.4%
Partridge
24.1%
Quetzal
17.5%
Frigatebird
16.1%
Lorikeet
15.1%
Hoopoe
12%

You're not logged in!

Compare scores with friends on all Sporcle quizzes.
Join for Free
OR
Log In

You Might Also Like...

Show Comments

Extras

Top Quizzes Today


Score Distribution

Your Account Isn't Verified!

In order to create a playlist on Sporcle, you need to verify the email address you used during registration. Go to your Sporcle Settings to finish the process.

Report this User

Report this user for behavior that violates our Community Guidelines.

Details: